000
00321nam a22001337a 4500
020
_a
0-340-91799-7
082
_a
823
_b
WHY/T
100
_a
IAN WHYBROW
245
_a
THERE'S A SPELL UP MY NOSE
260
_a
LONDON
_b
HODDER CHILDRENS BOOKS
_c
2000
300
_a
64
650
_a
CHILDRENS STORY BOOK
_z
UNITED KINGDOM
942
_c
BK
999
_c
57
_d
57